Entry Konu Terimi
001 - KONTROL NUMARASI
- Kontrol alanı: 143792
003 - KONTROL NUMARASI KİMLİĞİ
- Kontrol alanı: TR-BiSEU
005 - SON İŞLEM TARİHİ VE ZAMANI
- Kontrol alanı: 20260207005047.0
008 - SABİT UZUNLUKTAKİ VERİ ÖGELERİ - GENEL BİLGİ
- Sabit uzunlukta kontrol alanı: 260207|| aca||aabn | a|a d
040 ## - KATALOGLAMA KAYNAĞI
- Özgün kataloglama kurumu: TR-BiSEU
- Çeviri kurumu: TR-BiSEU
150 ## - KONU BAŞLIKLARI - KONU TERİMİ
- Konu terimi: Turkey--History--Ottoman Empire.Ottoman Empire--Biography.Turkey--Biography.Author--Ottoman--Author.Turkish Scientific and Cultural Heritage Series
670 ## - BİLGİNİN KAYNAĞI
- Bilginin alındığı kaynak: KOHA: (TR-BiSEU)73018: Bursalı Mehmed Tahir. 110659, el-Müellifûne'l-osmâniyyûn =
